Vyākaraṇa-mahābhāṣya. (Record no. 65505)

MARC details
000 -LEADER
fixed length control field 00715cam a22002651 4500
001 - CONTROL NUMBER
control field sa 65008037
003 - CONTROL NUMBER IDENTIFIER
control field DLC
005 - DATE AND TIME OF LATEST TRANSACTION
control field 20260227112153.0
008 - FIXED-LENGTH DATA ELEMENTS--GENERAL INFORMATION
fixed length control field 900208s1962 ii 000 0 sano
010 ## - LIBRARY OF CONGRESS CONTROL NUMBER
LC control number sa 65008037
035 ## - SYSTEM CONTROL NUMBER
System control number (OCoLC)21021502
040 ## - CATALOGING SOURCE
Original cataloging agency DLC
Transcribing agency WaU
Modifying agency DLC
041 0# - LANGUAGE CODE
Language code of text/sound track or separate title sanhin
042 ## - AUTHENTICATION CODE
Authentication code premarc
050 00 - LIBRARY OF CONGRESS CALL NUMBER
Classification number PK531
Item number .A1 1962
100 0# - MAIN ENTRY--PERSONAL NAME
Personal name Patañjali.
245 10 - TITLE STATEMENT
Title Vyākaraṇa-mahābhāṣya.
260 ## - PUBLICATION, DISTRIBUTION, ETC.
Date of publication, distribution, etc. [1962]
300 ## - PHYSICAL DESCRIPTION
Extent 156 p.
Dimensions 23 cm.
500 ## - GENERAL NOTE
General note Hindi and Sanskrit.
500 ## - GENERAL NOTE
General note A commentary on Pāṇini's Aṣṭādhyāyī.
650 #0 - SUBJECT ADDED ENTRY--TOPICAL TERM
Topical term or geographic name entry element Sanskrit language
General subdivision Grammar.
700 0# - ADDED ENTRY--PERSONAL NAME
Personal name Pāṇini.
Title of a work Aṣṭādhyāyī.
700 1# - ADDED ENTRY--PERSONAL NAME
Personal name Śāstrī, Cārudeva,
Dates associated with a name 1896-1987.

No items available.

Powered by Koha